Loading...

VIRAMITRODAYA

Bibliographic Details
Main Author: MITRA MISRA
Format: Printed Book
Published: LAHORE VIDYA VILAS PRESS
Subjects:
LEADER 00382nam a2200169 4500
020
082
100 |a MITRA MISRA 
245 |a VIRAMITRODAYA  |h SANSKRIT 
250
260 |a LAHORE  |b VIDYA VILAS PRESS 
300 |f PB 
650 |a VIRAMITRODAYA 
700
942 |c BK 
999 |c 162660  |d 162660 
952 |0 0  |1 0  |4 0  |7 0  |9 176117  |a ORI  |b ORI  |l 0  |p ORIS4305C  |r 2019-10-25  |w 2019-10-25  |y BK